Cowen on The Law of Negotiable Instruments in South Africa / (Record no. 177)

MARC details
000 -LEADER
fixed length control field 00565nam a22001697a 4500
005 - DATE AND TIME OF INPUT
control field 20231101135936.0
008 - DATA ELEMENTS--GENERAL INFORMATION
fixed length control field 231031b |||||||| |||| 00| 0 eng d
041 ## - LANGUAGE CODE
Language code of text English
082 ## - SHELF NUMBER
DDC number 346.7 COW
100 ## - MAIN AUTHOR
Main author's name Cowen, DV and Gering, L
Language of a work English
245 ## - TITLE STATEMENT
Title Cowen on The Law of Negotiable Instruments in South Africa /
Statement of responsibility, etc. DV Cowen and L Gering
250 ## - EDITION STATEMENT
Edition statement Fourth Edition
260 ## - PUBLICATION, DISTRIBUTION, ETC.
Place of publication, distribution, etc. Cape Town :
Name of publisher, distributor, etc. Juta and Company Ltd,
Date of publication, distribution, etc. 1966
300 ## - PHYSICAL DESCRIPTION
Other physical details xxxix, 661 pages ;
Dimensions 26 cm.
650 ## - SUBJECT`
Broad subject legal practice
Own subject terms Law
942 ## - ADDED ENTRY ELEMENTS (KOHA)
Item type Books
942 ## - ADDED ENTRY ELEMENTS (KOHA)
-- ALISON_BN_VRIES
Holdings
Source of classification or shelving scheme Not for loan Collection code Home library Current library Shelving location Date acquired Full call number Barcode Price effective from Koha item type
Dewey Decimal Classification   TEXT BOOKS LAW SOCIETY OF NAMIBIA LIBRARY - WINDHOEK LAW SOCIETY OF NAMIBIA LIBRARY - WINDHOEK Corporate, commercial and company law 10/31/2023 346.7 COW LSN/1986/75 10/31/2023 Books